PERINTAH KASTAM (LARANGAN MENGENAI IMPORT) 2017 [P.U.(A)103/2017] (Record no. 4757)

000 -LEADER
fixed length control field nam a22 7a 4500
005 - DATE AND TIME OF LATEST TRANSACTION
control field 20180817120200.0
008 - FIXED-LENGTH DATA ELEMENTS--GENERAL INFORMATION
fixed length control field 180817b2018 M ||||| |||| 00| 0 eng d
040 ## - CATALOGING SOURCE
Original cataloging agency AKMAL
082 ## - DEWEY DECIMAL CLASSIFICATION NUMBER
Classification number 382.309595 JKDM
090 ## - LOCALLY ASSIGNED LC-TYPE CALL NUMBER (OCLC); LOCAL CALL NUMBER (RLIN)
Classification number (OCLC) (R) ; Classification number, CALL (RLIN) (NR) 382.309595
Local cutter number (OCLC) ; Book number/undivided call number, CALL (RLIN) JKDM
240 ## - UNIFORM TITLE
Uniform title AKTA KASTAM 1967
245 ## - TITLE STATEMENT
Title PERINTAH KASTAM (LARANGAN MENGENAI IMPORT) 2017 [P.U.(A)103/2017]
Remainder of title PERINTAH KASTAM (LARANGAN MENGENAI EKSPORT) 2017 [P.U.(A)102/2017]
260 ## - PUBLICATION, DISTRIBUTION, ETC.
Place of publication, distribution, etc. JABATAN KASTAM DIRAJA MALAYSIA
Name of publisher, distributor, etc. PERCETAKAN NASIONAL BERHAD
Date of publication, distribution, etc. 2017
300 ## - PHYSICAL DESCRIPTION
Extent 131pg
Other physical details 2cm
Dimensions 29cm
650 ## - SUBJECT ADDED ENTRY--TOPICAL TERM
Topical term or geographic name entry element CUSTOMS ACT
General subdivision Law and legislation
Geographic subdivision Malaysia
9 (RLIN) 9099
942 ## - ADDED ENTRY ELEMENTS (KOHA)
Source of classification or shelving scheme
Koha item type Book
Holdings
Withdrawn status Lost status Source of classification or shelving scheme Damaged status Not for loan Collection code Home library Current library Shelving location Date acquired Inventory number Total Checkouts Full call number Barcode Date last seen Date last checked out Price effective from Koha item type
          NON-FICTION AKMAL Melaka AKMAL Melaka PINJAMAN 17.08.2018 3077188 1 382.309595 JKDM 201707707 14.03.2022 03.03.2022 17.08.2018 Book
          NON-FICTION AKMAL Melaka AKMAL Melaka PINJAMAN 17.08.2018 3077189   382.309595 JKDM 201707706 17.08.2018   17.08.2018 Book
          NON-FICTION AKMAL Melaka AKMAL Melaka PINJAMAN 17.08.2018 3077191 1 382.309595 JKDM 201707705 07.09.2020 06.07.2020 17.08.2018 Book
          NON-FICTION AKMAL Melaka AKMAL Melaka PINJAMAN 17.08.2018 3077192   382.309595 JKDM 201707704 17.03.2020   17.08.2018 Book
          NON-FICTION AKMAL Melaka AKMAL Melaka PINJAMAN 17.08.2018 3077190   382.309595 JKDM 201707713 17.08.2018   17.08.2018 Book
Pusat Sumber Maklumat Dato' Haji Sarmin Md Hussin, Akademi Kastam Diraja Malaysia, Melaka
Tel: 06-2331106 | Faks: 06-2313787